Detalles MARC
| 000 -LIDER |
| fixed length control field |
01599nam a2200301 a 4500 |
| 001 - NÚMERO DE CONTROL |
| Identificador de número de control |
|
| 003 - IDENTIFICACDOR DE NÚMERO DE CONTROL |
| control field |
DO-SdBNP |
| 005 - DATE AND TIME OF LATEST TRANSACTION |
| control field |
20220125124252.0 |
| 007 - CAMPOS FIJOS DE DESCRIPCIÓN FÍSICA |
| fixed length control field |
|
| 008 - ELEMENTOS DE LONGITUD FIJA |
| fixed length control field |
090717s1994 dr a 000 0 spa d |
| 040 ## - FUENTE DE CATALOGACIÓN |
| Agencia que crea de manera original el registro |
BPMSU |
| Idioma de catalogación |
spa |
| Agencia que realiza la transcripción |
BPMSU |
| 082 #4 - NÚMERO DE CLASIFICACIÓN DECIMAL DE DEWEY |
| Classification number |
923.27293 |
| Item number |
D812h1994 |
| Edition number |
22 |
| 245 10 - MENCIÓN DE TITULO |
| Título |
Duarte en la historiografía dominicana / |
| Mención de responsabilidad |
recopilación y notas de Jorge Tena Reyes ; índices por José Alcántara Almánzar. |
| 260 ## - PUBLICACIÓN, DISTRIBUCIÓN, ETC. (PIE DE IMPRENTA) |
| Lugar de publicación, distribución, etc |
Santo Domingo : |
| Nombre del editor, distribuidor, etc. |
Comisión Oficial para la Celebración del Sesquicentenario de la Independencia Nacional, |
| Fecha de publicación, distribución, etc |
1994 |
| 300 ## - DESCRIPCIÓN FÍSICA |
| Extensión |
810 p. ; |
| Dimensiones |
23 cm. |
| Otros detalles físicos |
|
| 490 0# - MENCIÓN DE SERIES |
| Mención de serie |
Sesquicentenario de la Independencia Nacional, |
| Volume/sequential designation |
3 |
| 500 ## - NOTA GENERAL |
| Nota general |
Incluye índice |
| 504 ## - NOTA DE BIBLIOGRAFÍA, ETC. |
| Bibliography, etc |
Bibliografía : p. 735-748. |
| 505 0# - NOTA DE CONTENIDO |
| Campo enlazado y núm. de secuencia |
Introducción -- Cronología de Duarte / Pedro L. Bergés Vidal -- Juan Pablo Duarte y Diez / Máximo Coiscou Henríquez -- La ascendencia paterna de Juan Pablo Duarte / Emilio Tejera -- La partida / Joaquín Balaguer -- Antecedentes de la invasión haitiana de 1822 / Víctor Garrido -- La invasión de Boyer / Frank Moya Pons -- Influencia de la iglesia católica en la formación de la nacionalidad y en la creación de la República Dominicana / Leónidas García Lluberes |
| 590 ## - NOTA LOCAL |
| Enlace |
Inventariado, 2021/VM |
| 600 14 - ENCABEZAMIENTO DE MATERIA--NOMBRE PERSONAL |
| Nombre personal |
Duarte, Juan Pablo |
| Fechas asociadas con el nombre |
1813-1876 |
| 650 #4 - ENCABEZAMIENTO DE MATERIA--TEMÁTICO |
| Término temático o nombre geográfico como elemento de entrada |
Duarte y Diez , Juan Pablo |
| Fechas activas |
1813-1876 |
| 651 #4 - ENCABEZAMIENTO DE MATERIA--NOMBRE GEOGRÁFICO |
| Nombre geográfico |
República Dominicana |
| Subdivisión temática general |
Historia |
| Subdivisión cronológica |
1844-1930 |
| 700 1# - ASIENTO SECUNDARIO -- NOMBRE PERSONAL |
| Nombre personal |
Tena Reyes, Jorge |
| 710 2# - ASIENTO SECUNDARIO -- NOMBRE CORPORATIVO |
| Nombre corporativo o de jurisdicción |
Comisión Oficial para la Celebración del Sesquicentenario de la Independencia Nacional |
| 910 ## - VALIDACIÓN |
| Validación |
VMateo V. |
| 942 ## - ADDED ENTRY ELEMENTS (KOHA) |
| Source of classification or shelving scheme |
Dewey Decimal Classification |
| Koha item type |
Libros |